000 00216 a2200097 4500
001 20020
100 _aYounghusband
245 _aSocial work and social values
260 _a
_bAllen & Unwin
_c
090 _c14614
_d14614
942 _aNUST-CAE
_cM
_c5130
999 _c255093
_d255093